000 00241nam a2200097Ia 4500
001 1120938
005 20250827004634.0
008 250824s9999 xx 000 0 und d
245 0 _aTOPRAK ANA
_cCENGİZ AYTMATOZ
260 _bKETEBE YAYINEVİ
999 _c1120938
_d1120938